[Event "I Memorial Oliver Gonzalez Somoza"]
[Site "Madrid ESP"]
[Date "2010.10.09"]
[Round "1.1"]
[White "Gomez Gonzalez, Javier"]
[Black "Korneev, Oleg"]
[Result "0-1"]
[WhiteElo "2016"]
[BlackElo "2556"]
[PlyCount "92"]
[EventDate "2010.10.09"]
[EventType "swiss"]
[EventRounds "9"]
[EventCountry "ESP"]
[Source "lmi"]
[SourceDate "2010.10.09"]

1. e4 c5 2. Nf3 e6 3. d4 cxd4 4. Nxd4 a6 5. Bd3 Bc5 6. Nb3 Be7 7. O-O d6 8. Be3
Nf6 9. a4 b6 10. Nc3 Bb7 11. f4 Nbd7 12. Qf3 Qc7 13. Rae1 h5 14. Kh1 g6 15. Bg1
h4 16. Bd4 Nc5 17. Nxc5 bxc5 18. Bxf6 Bxf6 19. Bc4 h3 20. gxh3 O-O-O 21. Rd1
Kb8 22. Rfe1 Rh4 23. Bf1 Bxc3 24. Qxc3 Rxf4 25. Bg2 a5 26. Qg3 e5 27. Rf1 Rxe4
28. Qb3 c4 29. Qb5 Re2 30. Bxb7 Qxb7+ 31. Qxb7+ Kxb7 32. Rxf7+ Kc6 33. Rc1 Rh8
34. Rf3 e4 35. Rg3 Rf8 36. Rg2 Rff2 37. Rxf2 Rxf2 38. Kg1 Re2 39. b3 c3 40. Rf1
Rxc2 41. Rf8 d5 42. Rc8+ Kd7 43. Rc5 Kd6 44. Rxa5 Rd2 45. Ra6+ Kc7 46. Rxg6 c2
0-1

[Event "I Memorial Oliver Gonzalez Somoza"]
[Site "Madrid ESP"]
[Date "2010.10.09"]
[Round "1.2"]
[White "Almeida Quintana, Omar"]
[Black "Vargas Huamani, Juan C"]
[Result "1-0"]
[WhiteElo "2559"]
[BlackElo "2013"]
[PlyCount "65"]
[EventDate "2010.10.09"]
[EventType "swiss"]
[EventRounds "9"]
[EventCountry "ESP"]
[Source "lmi"]
[SourceDate "2010.10.09"]

1. d4 Nf6 2. c4 c5 3. d5 e6 4. Nc3 exd5 5. cxd5 d6 6. e4 g6 7. h3 Bg7 8. Bd3
O-O 9. Nge2 a6 10. a4 Re8 11. O-O c4 12. Bc2 Nbd7 13. Be3 Qc7 14. Ng3 Nc5 15.
Bd4 Rb8 16. a5 b5 17. axb6 Rxb6 18. Na4 Rb8 19. Nxc5 dxc5 20. Bc3 Nd7 21. f4
Bxc3 22. bxc3 Bb7 23. d6 Qd8 24. e5 Qh4 25. Qg4 Qxg4 26. hxg4 Nb6 27. Rfb1 Bc8
28. Ne4 Kg7 29. Nxc5 Nd7 30. Rxb8 Nxb8 31. Ba4 Rd8 32. d7 Bxd7 33. Rd1 1-0

[Event "I Memorial Oliver Gonzalez Somoza"]
[Site "Madrid ESP"]
[Date "2010.10.09"]
[Round "1.5"]
[White "Garcia Martin, Juan Manuel"]
[Black "Del Rio De Angelis, Salvador G"]
[Result "0-1"]
[WhiteElo "2009"]
[BlackElo "2515"]
[PlyCount "63"]
[EventDate "2010.10.09"]
[EventType "swiss"]
[EventRounds "9"]
[EventCountry "ESP"]
[Source "lmi"]
[SourceDate "2010.10.09"]

1. d4 e6 2. Nf3 Nf6 3. Bf4 b6 4. e3 Bb7 5. c4 Bb4+ 6. Nbd2 O-O 7. Be2 d5 8. O-O
a5 9. a3 Be7 10. Ne5 c5 11. dxc5 bxc5 12. cxd5 exd5 13. Qb3 Qc8 14. Rac1 a4 15.
Qc2 Qe6 16. h3 Bd6 17. Ndf3 Ne4 18. Nd3 c4 19. Nde5 Qe8 20. Rfd1 Na6 21. Ng4
Nac5 22. Bxd6 Nxd6 23. Nd4 Nde4 24. f3 Ng3 25. Kf2 Nxe2 26. Kxe2 Nd3 27. Rb1 f5
28. Nh2 f4 29. Nf1 Qg6 30. Kd2 fxe3+ 31. Nxe3 Qh6 32. Re1 0-1

[Event "I Memorial Oliver Gonzalez Somoza"]
[Site "Madrid ESP"]
[Date "2010.10.09"]
[Round "1.6"]
[White "Moreno Ruiz, Javier"]
[Black "Sanchez Millan, Eduardo"]
[Result "1-0"]
[WhiteElo "2491"]
[BlackElo "2000"]
[PlyCount "73"]
[EventDate "2010.10.09"]
[EventType "swiss"]
[EventRounds "9"]
[EventCountry "ESP"]
[Source "lmi"]
[SourceDate "2010.10.09"]

1. d4 c6 2. c4 d5 3. Nc3 Nf6 4. cxd5 Nxd5 5. e4 Nxc3 6. bxc3 g6 7. Nf3 Bg7 8.
Be2 O-O 9. O-O c5 10. Be3 Qa5 11. Qb3 Nc6 12. Rac1 Bg4 13. Rfd1 Rad8 14. dxc5
Rxd1+ 15. Bxd1 Qc7 16. Nd4 Bc8 17. Be2 Rd8 18. Rd1 Na5 19. Qa3 e5 20. Nb5 Rxd1+
21. Bxd1 Qd8 22. Be2 a6 23. Nd6 Be6 24. Qb4 Qc7 25. c4 Bf8 26. f4 Nc6 27. Qd2
Nd4 28. fxe5 Bxd6 29. exd6 Nxe2+ 30. Qxe2 Qc6 31. Qd3 h5 32. Qd4 Kh7 33. Bd2 f6
34. Bc3 Qa4 35. h4 Qe8 36. Qxf6 Qg8 37. Qe7+ 1-0

[Event "I Memorial Oliver Gonzalez Somoza"]
[Site "Madrid ESP"]
[Date "2010.10.09"]
[Round "1.7"]
[White "Avendaño Mateos, Jose"]
[Black "Herraiz Hidalgo, Herminio"]
[Result "0-1"]
[WhiteElo "1992"]
[BlackElo "2480"]
[PlyCount "46"]
[EventDate "2010.10.09"]
[EventType "swiss"]
[EventRounds "9"]
[EventCountry "ESP"]
[Source "lmi"]
[SourceDate "2010.10.09"]

1. c4 e5 2. Nc3 Nf6 3. e4 Nc6 4. g3 Bc5 5. Bg2 d6 6. h3 a6 7. Nge2 Rb8 8. d3 b5
9. O-O Be6 10. Nd5 Nd4 11. b3 Nd7 12. Be3 Nxe2+ 13. Qxe2 O-O 14. Bxc5 Nxc5 15.
g4 c6 16. Ne3 Bd7 17. Rad1 Ne6 18. Nc2 Nf4 19. Qd2 Qh4 20. Qe3 h5 21. gxh5 Bxh3
22. Ne1 Bxg2 23. Nxg2 Qg4 0-1

[Event "I Memorial Oliver Gonzalez Somoza"]
[Site "Madrid ESP"]
[Date "2010.10.09"]
[Round "1.8"]
[White "Vila Gazquez, Xavier"]
[Black "Baeza Escudero, Javier"]
[Result "1-0"]
[WhiteElo "2478"]
[BlackElo "1986"]
[PlyCount "59"]
[EventDate "2010.10.09"]
[EventType "swiss"]
[EventRounds "9"]
[EventCountry "ESP"]
[Source "lmi"]
[SourceDate "2010.10.09"]

1. Nf3 Nf6 2. g3 d5 3. Bg2 e6 4. O-O Bd6 5. d4 O-O 6. c4 dxc4 7. Nbd2 Nc6 8.
Nxc4 Rb8 9. Qc2 Be7 10. Rd1 Bd7 11. a3 Qc8 12. b4 a6 13. Bb2 Nd5 14. e4 Nb6 15.
Nxb6 cxb6 16. Rac1 Qe8 17. d5 Na7 18. Qc3 f6 19. Qc4 Ba4 20. Rf1 Rc8 21. Qa2
Rxc1 22. Rxc1 Nb5 23. dxe6 Kh8 24. Qd5 Nd6 25. Nd4 b5 26. Rc7 Nc4 27. Bc1 g6
28. Bh6 Rg8 29. Qxb7 Nd6 30. Qa7 1-0

[Event "I Memorial Oliver Gonzalez Somoza"]
[Site "Madrid ESP"]
[Date "2010.10.09"]
[Round "1.10"]
[White "Roa Alonso, Santiago"]
[Black "Cuadrado Lopez, Francisco Javier"]
[Result "1-0"]
[WhiteElo "2454"]
[BlackElo "1971"]
[PlyCount "101"]
[EventDate "2010.10.09"]
[EventType "swiss"]
[EventRounds "9"]
[EventCountry "ESP"]
[Source "lmi"]
[SourceDate "2010.10.09"]

1. d4 Nf6 2. c4 e6 3. Nc3 d5 4. Bg5 Be7 5. e3 b6 6. Nf3 Bb7 7. Bxf6 Bxf6 8.
cxd5 exd5 9. Qa4+ c6 10. Bd3 O-O 11. h4 Nd7 12. Qc2 g6 13. h5 Qe7 14. hxg6 fxg6
15. O-O-O b5 16. Rh3 Rf7 17. Ne2 Nf8 18. Kb1 Rc8 19. Nf4 Rg7 20. Rc1 Rc7 21.
Nd2 Bc8 22. Rhh1 Be6 23. Nb3 Bf7 24. Bxb5 Be8 25. Bd3 Ne6 26. Nxe6 Qxe6 27. Nc5
Qc8 28. f4 Be7 29. Ba6 Qg4 30. Qe2 Qxe2 31. Bxe2 Bxc5 32. Rxc5 Rge7 33. Rc3 h5
34. Kc2 Bd7 35. Kd2 Bf5 36. Rhc1 Re6 37. Rc5 Rb7 38. b3 Rb6 39. g3 Kg7 40. Ra5
Re7 41. Ra6 Rc7 42. Ra5 Kh6 43. Rxd5 Re7 44. Rd6 Be4 45. Bd3 Bxd3 46. Kxd3 Ra6
47. Rcxc6 Rxa2 48. Rxg6+ Kh7 49. Rh6+ Kg7 50. Rcg6+ Kf7 51. f5 1-0

[Event "I Memorial Oliver Gonzalez Somoza"]
[Site "Madrid ESP"]
[Date "2010.10.09"]
[Round "1.11"]
[White "Hernandez Yañez, Javier"]
[Black "Almagro Llamas, Pablo"]
[Result "0-1"]
[WhiteElo "1955"]
[BlackElo "2451"]
[PlyCount "58"]
[EventDate "2010.10.09"]
[EventType "swiss"]
[EventRounds "9"]
[EventCountry "ESP"]
[Source "lmi"]
[SourceDate "2010.10.09"]

1. d4 Nf6 2. Nf3 e6 3. Bf4 b6 4. e3 Bb7 5. Nbd2 Be7 6. Bd3 c5 7. c3 Nc6 8. O-O
Nh5 9. Bg3 Nxg3 10. hxg3 O-O 11. Qe2 a6 12. a4 d5 13. g4 Qc7 14. g3 Rfe8 15.
dxc5 bxc5 16. e4 c4 17. Bc2 Bc5 18. Kg2 f5 19. Rh1 dxe4 20. Nxe4 Ne5 21. Rh5
Nxf3 22. Kxf3 fxe4+ 23. Kg2 Rf8 24. Rf1 g6 25. Rh6 Bxf2 26. Bxe4 Qxg3+ 27. Kh1
Bxe4+ 28. Qxe4 Qf3+ 29. Qxf3 Rxf3 0-1

[Event "I Memorial Oliver Gonzalez Somoza"]
[Site "Madrid ESP"]
[Date "2010.10.09"]
[Round "1.14"]
[White "Barria Zuñiga, Daniel"]
[Black "Gomez Ferrer, Jesus"]
[Result "1-0"]
[WhiteElo "2419"]
[BlackElo "1942"]
[PlyCount "130"]
[EventDate "2010.10.09"]
[EventType "swiss"]
[EventRounds "9"]
[EventCountry "ESP"]
[Source "lmi"]
[SourceDate "2010.10.09"]

1. d4 f5 2. c4 Nf6 3. Nf3 e6 4. g3 d5 5. Bg2 c6 6. O-O Bd6 7. Qc2 O-O 8. Bf4
Bxf4 9. gxf4 Ne4 10. e3 Nd7 11. Nc3 Kh8 12. b4 Ndf6 13. Ne5 Nxc3 14. Qxc3 Ne4
15. Bxe4 fxe4 16. f3 exf3 17. Rxf3 Bd7 18. Kh1 Be8 19. Rg1 Qf6 20. Rfg3 Rg8 21.
Qc2 Bh5 22. Rh3 g6 23. Rhg3 Rg7 24. h3 Rag8 25. Kh2 a6 26. a4 h6 27. c5 g5 28.
fxg5 Rxg5 29. Rxg5 Rxg5 30. Rxg5 Qxg5 31. Qf2 Kg7 32. h4 Qf5 33. Qxf5 exf5 34.
Kg3 Kf6 35. Kf4 Bd1 36. Nd7+ Ke6 37. Nb6 Bc2 38. a5 Kf6 39. Nc8 Kg6 40. Nd6 Kh5
41. Kg3 Bd3 42. Nxb7 Bc4 43. Nd6 Bd3 44. Nc8 Bb5 45. Ne7 Ba4 46. Nxf5 Kg6 47.
Kg4 Bd1+ 48. Kf4 Ba4 49. Ng3 Kf6 50. Nh1 Bc2 51. Nf2 Ba4 52. Nd3 Kg6 53. Ne5+
Kh5 54. Kg3 Bb5 55. Nf7 Kg6 56. Nd6 Ba4 57. Kg4 Bd1+ 58. Kf4 Kh5 59. b5 cxb5
60. Nxb5 Ba4 61. Nc7 Bc6 62. Nxa6 Kxh4 63. Nb4 Ba8 64. c6 Kh3 65. c7 Bb7 1-0

[Event "I Memorial Oliver Gonzalez Somoza"]
[Site "Madrid ESP"]
[Date "2010.10.09"]
[Round "1.16"]
[White "Anton Guijarro, David"]
[Black "Panero Cabero, Gregorio"]
[Result "1-0"]
[WhiteElo "2403"]
[BlackElo "1936"]
[PlyCount "45"]
[EventDate "2010.10.09"]
[EventType "swiss"]
[EventRounds "9"]
[EventCountry "ESP"]
[Source "lmi"]
[SourceDate "2010.10.09"]

1. c4 f5 2. Nc3 Nf6 3. d3 e6 4. e4 d6 5. g3 g6 6. Bg2 Bg7 7. Nge2 O-O 8. O-O c6
9. h3 Na6 10. Rb1 Rb8 11. Be3 c5 12. exf5 exf5 13. d4 b6 14. dxc5 dxc5 15. Qxd8
Rxd8 16. Bf4 Be6 17. Bxb8 Nxb8 18. b3 Kf7 19. Rbd1 Rxd1 20. Rxd1 Nbd7 21. Nf4
g5 22. Nxe6 Kxe6 23. Nb5 1-0

[Event "I Memorial Oliver Gonzalez Somoza"]
[Site "Madrid ESP"]
[Date "2010.10.09"]
[Round "1.17"]
[White "Garcia Serrano, Jose Manuel"]
[Black "Valles Moreno, Ivan"]
[Result "0-1"]
[WhiteElo "1926"]
[BlackElo "2403"]
[PlyCount "62"]
[EventDate "2010.10.09"]
[EventType "swiss"]
[EventRounds "9"]
[EventCountry "ESP"]
[Source "lmi"]
[SourceDate "2010.10.09"]

1. e4 c5 2. d4 cxd4 3. c3 dxc3 4. Nxc3 Nc6 5. Nf3 e6 6. Bc4 Bb4 7. O-O Nge7 8.
Bg5 f6 9. Be3 O-O 10. Qe2 Bxc3 11. bxc3 Qa5 12. Nd4 f5 13. Nb3 Qc7 14. exf5
Nxf5 15. Bc5 Rf6 16. Ba3 b6 17. f4 Bb7 18. Rad1 Rg6 19. Rf3 a5 20. Rh3 a4 21.
Na1 Ncd4 22. cxd4 Rxg2+ 23. Qxg2 Bxg2 24. Rc1 Qxf4 25. Kxg2 Qg4+ 26. Rg3 Nxg3
27. hxg3 h5 28. Nc2 h4 29. Bd6 hxg3 30. Bd3 Qg5 31. Bb4 Qxc1 0-1

[Event "I Memorial Oliver Gonzalez Somoza"]
[Site "Madrid ESP"]
[Date "2010.10.09"]
[Round "1.18"]
[White "Candela Perez, Jose"]
[Black "Rodriguez Dorado, Victor Manuel"]
[Result "1-0"]
[WhiteElo "2390"]
[BlackElo "1923"]
[PlyCount "81"]
[EventDate "2010.10.09"]
[EventType "swiss"]
[EventRounds "9"]
[EventCountry "ESP"]
[Source "lmi"]
[SourceDate "2010.10.09"]

1. e4 c6 2. d4 d5 3. e5 c5 4. dxc5 Nc6 5. Nf3 Bg4 6. Bb5 e6 7. Be3 Nge7 8. c3
a6 9. Ba4 Qc7 10. Bd4 Ng6 11. Nbd2 Nf4 12. O-O Be7 13. b4 h5 14. Bc2 h4 15. h3
Bh5 16. Qe1 g5 17. Qe3 Qd8 18. a4 Bf8 19. b5 Nxd4 20. cxd4 Bh6 21. Qb3 a5 22.
Bd1 Rg8 23. Nh2 g4 24. hxg4 Bg6 25. Ndf3 Bd3 26. Re1 Bc4 27. Qc3 Nd3 28. Re2 f5
29. exf6 Qxf6 30. Ne5 Nxe5 31. Rxe5 Bf4 32. Re1 O-O-O 33. Bf3 Rdf8 34. c6 Bxh2+
35. Kxh2 h3 36. Qxa5 Qf4+ 37. Kg1 Qb8 38. cxb7+ Qxb7 39. Rxe6 Rxf3 40. gxf3 h2+
41. Kh1 1-0

[Event "I Memorial Oliver Gonzalez Somoza"]
[Site "Madrid ESP"]
[Date "2010.10.09"]
[Round "1.19"]
[White "Peñaranda Grilo, Juan Carlos"]
[Black "Hernando Pertierra, Jose Carlos"]
[Result "0-1"]
[WhiteElo "1920"]
[BlackElo "2386"]
[PlyCount "118"]
[EventDate "2010.10.09"]
[EventType "swiss"]
[EventRounds "9"]
[EventCountry "ESP"]
[Source "lmi"]
[SourceDate "2010.10.09"]

1. d4 g6 2. Nf3 Bg7 3. c4 d6 4. Nc3 Bg4 5. e3 Nd7 6. Be2 c6 7. Qb3 Qb6 8. O-O
Qxb3 9. axb3 e5 10. dxe5 dxe5 11. h3 Bxf3 12. Bxf3 Ngf6 13. b4 O-O 14. e4 Rfd8
15. Rd1 a6 16. Be3 Bf8 17. c5 Be7 18. Be2 Kf8 19. Bc4 Ke8 20. g3 Nf8 21. f3
Rxd1+ 22. Rxd1 Rd8 23. Rxd8+ Bxd8 24. Kf2 N6d7 25. Ke2 Ke7 26. f4 Ne6 27. Kd3
a5 28. Bxe6 Kxe6 29. Kc4 axb4 30. Kxb4 h5 31. Kc4 Bc7 32. b4 h4 33. gxh4 exf4
34. Bf2 f3 35. Kd3 Bf4 36. b5 Ne5+ 37. Kd4 Bd2 38. bxc6 Nxc6+ 39. Kd3 Bxc3 40.
Kxc3 Ke5 41. Kd3 Kf4 42. Bg1 Ne5+ 43. Kd4 Nd7 44. Bf2 Nf6 45. Be3+ Kg3 46. e5
Ne8 47. c6 b6 48. Kd5 f2 49. Bxf2+ Kxf2 50. e6 Nc7+ 51. Kd6 Nxe6 52. Ke7 b5 53.
Kxf7 Nc7 54. Kxg6 b4 55. h5 b3 56. h6 b2 57. h7 b1=Q+ 58. Kg7 Qb2+ 59. Kg8 Qb3+
0-1

[Event "I Memorial Oliver Gonzalez Somoza"]
[Site "Madrid ESP"]
[Date "2010.10.09"]
[Round "1.20"]
[White "Taboas Rodriguez, Daniel"]
[Black "Lozano Sanchez, Jose Antonio"]
[Result "1-0"]
[WhiteElo "2381"]
[BlackElo "1914"]
[PlyCount "73"]
[EventDate "2010.10.09"]
[EventType "swiss"]
[EventRounds "9"]
[EventCountry "ESP"]
[Source "lmi"]
[SourceDate "2010.10.09"]

1. d4 d5 2. Nf3 Nf6 3. c4 c6 4. cxd5 cxd5 5. Nc3 Nc6 6. Bf4 Bf5 7. e3 e6 8. Bb5
a6 9. Bxc6+ bxc6 10. O-O Nh5 11. Qa4 Qb6 12. Ne5 Rc8 13. g4 Nxf4 14. gxf5 Nh5
15. e4 Bd6 16. fxe6 fxe6 17. exd5 Bxe5 18. dxe5 O-O 19. dxe6 Nf4 20. Ne4 Nh3+
21. Kg2 Nf4+ 22. Kh1 Nxe6 23. Qc4 Rce8 24. Nd6 Rf4 25. Qb3 Rb4 26. Qh3 Nf4 27.
Qd7 Rf8 28. e6 Nd5 29. e7 Nxe7 30. Qxe7 Rbf4 31. b3 Rxf2 32. Qe6+ Kh8 33. Nf7+
Kg8 34. Rxf2 Qxf2 35. Ng5+ Kh8 36. Qe4 g6 37. Qe7 1-0

[Event "I Memorial Oliver Gonzalez Somoza"]
[Site "Madrid ESP"]
[Date "2010.10.09"]
[Round "1.22"]
[White "Rubio Mejia, Luis Ignacio"]
[Black "Bolea Jover, Jose"]
[Result "1-0"]
[WhiteElo "2373"]
[BlackElo "1909"]
[PlyCount "71"]
[EventDate "2010.10.09"]
[EventType "swiss"]
[EventRounds "9"]
[EventCountry "ESP"]
[Source "lmi"]
[SourceDate "2010.10.09"]

1. d4 d5 2. c4 c6 3. Nc3 Nf6 4. Nf3 e6 5. Bg5 Nbd7 6. e3 Qa5 7. cxd5 Nxd5 8.
Qd2 Bb4 9. Rc1 f6 10. Bh4 O-O 11. Bd3 c5 12. a3 Bxc3 13. bxc3 cxd4 14. exd4
Qxa3 15. O-O Re8 16. c4 Nb4 17. Be4 Nc6 18. Rfe1 Nf8 19. d5 Rd8 20. Bg3 Ne7 21.
Nd4 e5 22. Rc3 Qc5 23. Nb3 Qb4 24. f4 Bf5 25. fxe5 Bxe4 26. exf6 Nxd5 27. cxd5
Bxd5 28. fxg7 Ng6 29. Qc2 Re8 30. Rxe8+ Rxe8 31. h3 Nf4 32. Rc8 Ne2+ 33. Kh2
Qe7 34. Qc5 Rxc8 35. Qxe7 Nxg3 36. Qd7 1-0

[Event "I Memorial Oliver Gonzalez Somoza"]
[Site "Madrid ESP"]
[Date "2010.10.09"]
[Round "1.23"]
[White "Rasskin Friederichs, Ivan"]
[Black "Gemy, Jose Daniel"]
[Result "0-1"]
[WhiteElo "1905"]
[BlackElo "2325"]
[PlyCount "108"]
[EventDate "2010.10.09"]
[EventType "swiss"]
[EventRounds "9"]
[EventCountry "ESP"]
[Source "lmi"]
[SourceDate "2010.10.09"]

1. e4 e5 2. Nf3 Nc6 3. Bb5 Nf6 4. O-O Nxe4 5. d4 Nd6 6. Bxc6 dxc6 7. dxe5 Nf5
8. Qxd8+ Kxd8 9. Bg5+ Ke8 10. Rd1 Bd7 11. Nd4 Nxd4 12. Rxd4 Bc5 13. Rd2 h6 14.
Bf4 Bf5 15. Nc3 Rd8 16. Rad1 Rxd2 17. Rxd2 Bb4 18. e6 Bxe6 19. Bxc7 Ke7 20. a3
Bxc3 21. Bd6+ Kf6 22. bxc3 Re8 23. f3 h5 24. Rd4 Bf5 25. Bc5 b6 26. Rd6+ Ke5
27. Rd2 Kf6 28. Rd6+ Re6 29. Bd4+ Kg6 30. Rxe6+ Bxe6 31. Kf2 Bf5 32. Ke3 Bxc2
33. Be5 Bb3 34. Bb8 a6 35. Bc7 b5 36. Kd4 Kf5 37. Kc5 Bd5 38. h4 f6 39. Kb6 g5
40. hxg5 fxg5 41. Kxa6 h4 42. Kb6 g4 43. Kc5 Bxf3 44. Bd8 Bxg2 45. Bxh4 Bd5 46.
Kd4 Kf4 47. Kd3 Kf3 48. Kd2 g3 49. Ke1 Kg2 50. Ke2 Kh2 51. Kd3 g2 52. Bf2 g1=Q
53. Bxg1+ Kxg1 54. Kd4 Kf2 0-1

[Event "I Memorial Oliver Gonzalez Somoza"]
[Site "Madrid ESP"]
[Date "2010.10.09"]
[Round "1.24"]
[White "Perez Gonzalez, Jose Manuel"]
[Black "Valderrama Arroyo, Victor"]
[Result "1-0"]
[WhiteElo "2318"]
[BlackElo "1886"]
[PlyCount "63"]
[EventDate "2010.10.09"]
[EventType "swiss"]
[EventRounds "9"]
[EventCountry "ESP"]
[Source "lmi"]
[SourceDate "2010.10.09"]

1. e4 c5 2. Nf3 d6 3. d4 cxd4 4. Nxd4 Nf6 5. Nc3 a6 6. Bc4 e6 7. O-O Be7 8. Bb3
O-O 9. f4 Qc7 10. f5 e5 11. Nde2 Nbd7 12. Bg5 b5 13. Ng3 Bb7 14. Nh5 b4 15.
Bxf6 Nxf6 16. Nxf6+ Bxf6 17. Nd5 Bxd5 18. Bxd5 Rac8 19. Rf2 Qb6 20. Qe2 a5 21.
Rd1 Bg5 22. Kh1 Kh8 23. Rf3 Rc7 24. Rfd3 f6 25. Bb3 Rd8 26. Rd5 Be3 27. Qb5
Qxb5 28. Rxb5 Rc5 29. Rxd6 Rcc8 30. Rxd8+ Rxd8 31. Bd5 Bd4 32. b3 1-0

[Event "I Memorial Oliver Gonzalez Somoza"]
[Site "Madrid ESP"]
[Date "2010.10.09"]
[Round "1.25"]
[White "Pablos Tenrero, Raquel"]
[Black "Piasetski, Leon"]
[Result "0-1"]
[WhiteElo "1884"]
[BlackElo "2303"]
[PlyCount "76"]
[EventDate "2010.10.09"]
[EventType "swiss"]
[EventRounds "9"]
[EventCountry "ESP"]
[Source "lmi"]
[SourceDate "2010.10.09"]

1. e4 g6 2. d4 Bg7 3. Nf3 d6 4. c3 Nf6 5. Bd3 O-O 6. O-O Bg4 7. Bg5 h6 8. Be3
Nc6 9. Nbd2 e5 10. dxe5 Nxe5 11. Bc2 Re8 12. h3 Nxf3+ 13. Nxf3 Bd7 14. Nd2 Bc6
15. f3 a5 16. Nb3 a4 17. Nd4 Bd7 18. a3 d5 19. Qd2 c5 20. Ne2 dxe4 21. fxe4 Bb5
22. Qxd8 Raxd8 23. Rfe1 Nxe4 24. Bxe4 Rxe4 25. Ng3 Re5 26. Kf2 f5 27. Rad1 Red5
28. Rxd5 Rxd5 29. Ne2 g5 30. g3 Kf7 31. Rc1 Bc4 32. Ng1 Bf6 33. Nf3 b6 34. Nd2
Ba6 35. Nb1 f4 36. gxf4 gxf4 37. Bxf4 Rf5 38. Kg3 Rxf4 0-1

[Event "I Memorial Oliver Gonzalez Somoza"]
[Site "Madrid ESP"]
[Date "2010.10.09"]
[Round "1.26"]
[White "Cueto, Johnny"]
[Black "Marcos Herrero, Francisco"]
[Result "0-1"]
[WhiteElo "2301"]
[BlackElo "1880"]
[PlyCount "106"]
[EventDate "2010.10.09"]
[EventType "swiss"]
[EventRounds "9"]
[EventCountry "ESP"]
[Source "lmi"]
[SourceDate "2010.10.09"]

1. d4 Nf6 2. Bf4 g6 3. e3 Bg7 4. c4 c5 5. d5 d6 6. Nc3 Nh5 7. Bg5 h6 8. Bh4 Qa5
9. Rc1 Qb4 10. Qb3 g5 11. Be2 Qxb3 12. axb3 Nf6 13. Bg3 Na6 14. e4 h5 15. h4 g4
16. Bf4 Nb4 17. Kd2 Nd7 18. Bd3 Ne5 19. Bb1 Bd7 20. Nge2 a6 21. Na2 Nxa2 22.
Bxa2 Ng6 23. Be3 Bxb2 24. Rce1 Bf6 25. g3 Ne5 26. Rb1 b5 27. Nf4 b4 28. Nd3 a5
29. Nxe5 Bxe5 30. Bf4 Bc3+ 31. Kd3 a4 32. bxa4 Rxa4 33. Bb3 Ra7 34. Rhc1 O-O
35. Rxc3 bxc3 36. Kxc3 f6 37. Bc2 Ra3+ 38. Kd2 Rfa8 39. Rb7 R3a7 40. Rb6 Ra2
41. Kc1 Kf8 42. Be3 Ke8 43. Bb1 R2a4 44. Bd3 Kd8 45. Rb2 Kc7 46. Bh6 Ra2 47.
Rxa2 Rxa2 48. Be3 Be8 49. Kb1 Ra3 50. Be2 Ba4 51. Bd2 Rb3+ 52. Ka2 Rb8 53. Ka3
Bc2 0-1

[Event "I Memorial Oliver Gonzalez Somoza"]
[Site "Madrid ESP"]
[Date "2010.10.09"]
[Round "1.27"]
[White "Tevar Sanz, Gonzalo"]
[Black "Rios Parra, Alejandro"]
[Result "0-1"]
[WhiteElo "1878"]
[BlackElo "2299"]
[PlyCount "60"]
[EventDate "2010.10.09"]
[EventType "swiss"]
[EventRounds "9"]
[EventCountry "ESP"]
[Source "lmi"]
[SourceDate "2010.10.09"]

1. d4 Nf6 2. Bf4 e6 3. Nf3 c5 4. e3 Qb6 5. Nc3 cxd4 6. Nb5 Nd5 7. Nfxd4 Nxf4 8.
exf4 a6 9. Nc3 Qxb2 10. Nde2 Bb4 11. Kd2 Nc6 12. Rb1 Qa3 13. Rb3 Qa5 14. Kc1 d5
15. f5 d4 16. Nb1 e5 17. Ng3 Be7 18. Bd3 Qxa2 19. Qg4 g6 20. Qf3 Bg5+ 21. Kd1
Na5 22. fxg6 hxg6 23. Ne4 Nxb3 24. Nxg5 Nc5 25. Qf6 Nxd3 26. cxd3 Qxb1+ 27. Kd2
Qb2+ 28. Kd1 O-O 29. Re1 Bg4+ 30. f3 Rac8 0-1

[Event "I Memorial Oliver Gonzalez Somoza"]
[Site "Madrid ESP"]
[Date "2010.10.09"]
[Round "1.28"]
[White "Alcazar Jimenez, Jesus Alberto"]
[Black "Vidaurre, Luis"]
[Result "1/2-1/2"]
[WhiteElo "2289"]
[BlackElo "1860"]
[PlyCount "135"]
[EventDate "2010.10.09"]
[EventType "swiss"]
[EventRounds "9"]
[EventCountry "ESP"]
[Source "lmi"]
[SourceDate "2010.10.09"]

1. Nf3 c5 2. g3 Nc6 3. Bg2 d5 4. d4 e6 5. O-O Nf6 6. b3 Be7 7. Bb2 O-O 8. Qc1
b6 9. c4 Bb7 10. Rd1 Qc7 11. dxc5 bxc5 12. e3 Nb4 13. Na3 a6 14. Be5 Qb6 15.
Qb2 Rfd8 16. Nh4 Rac8 17. cxd5 Bxd5 18. Bf1 Ng4 19. Bxg7 Bxh4 20. gxh4 Qc7 21.
f4 Qe7 22. Re1 f6 23. h3 Qxg7 24. hxg4 Qxg4+ 25. Kh2 Qxh4+ 26. Bh3 Nd3 27. Rg1+
Kf7 28. Qe2 Nf2 29. Rg3 Ne4 30. Rg4 Qf2+ 31. Rg2 Qxe2 32. Rxe2 Nc3 33. Rc2 Nb5
34. Nc4 Be4 35. Rf2 Rc7 36. Rc1 Nd6 37. Rd2 Ke7 38. Rcd1 Rcd7 39. Nb6 Rc7 40.
Nc4 Rcd7 41. Nb6 Rc7 42. Bf1 Bb7 43. a4 a5 44. Kg1 Bf3 45. Rc1 Rg8+ 46. Kh2 Rb7
47. Nc4 Nxc4 48. Bxc4 Rd7 49. Rf2 Bg4 50. Rg1 f5 51. Bb5 Rd1 52. Rxd1 Bxd1 53.
Bc4 Rd8 54. Kg1 Bg4 55. Rc2 Rd1+ 56. Kf2 Rh1 57. Kg2 Rd1 58. Kf2 h5 59. Bb5 Kd6
60. Rc3 Rd2+ 61. Kg3 Rd1 62. Kh4 Rh1+ 63. Kg5 Rd1 64. Kh4 Rd2 65. Kg5 Rd1 66.
Kh4 Rh1+ 67. Kg5 Rd1 68. Kh4 1/2-1/2

[Event "I Memorial Oliver Gonzalez Somoza"]
[Site "Madrid ESP"]
[Date "2010.10.09"]
[Round "1.29"]
[White "Cavalle Pulla, Daniel"]
[Black "Madina Yadarola, Martin"]
[Result "0-1"]
[WhiteElo "1847"]
[BlackElo "2254"]
[PlyCount "42"]
[EventDate "2010.10.09"]
[EventType "swiss"]
[EventRounds "9"]
[EventCountry "ESP"]
[Source "lmi"]
[SourceDate "2010.10.09"]

1. e4 e5 2. Nf3 Qe7 3. Nc3 c6 4. Bc4 d6 5. a4 Bg4 6. h3 Bh5 7. d3 Nd7 8. Bg5 f6
9. Be3 Bf7 10. b3 g6 11. g4 Bg7 12. Qd2 Qf8 13. Rd1 Ne7 14. Bxf7+ Qxf7 15. d4
Nc8 16. dxe5 Nxe5 17. Nxe5 fxe5 18. f4 exf4 19. Bxf4 Qe7 20. O-O O-O 21. Bg5
Rxf1+ 0-1

[Event "I Memorial Oliver Gonzalez Somoza"]
[Site "Madrid ESP"]
[Date "2010.10.09"]
[Round "1.30"]
[White "Martinez Rodriguez, Pablo"]
[Black "Aguado Rodriguez, Guillermo"]
[Result "1-0"]
[WhiteElo "2239"]
[BlackElo "1845"]
[PlyCount "75"]
[EventDate "2010.10.09"]
[EventType "swiss"]
[EventRounds "9"]
[EventCountry "ESP"]
[Source "lmi"]
[SourceDate "2010.10.09"]

1. Nf3 d5 2. b3 e6 3. Bb2 Nf6 4. e3 Be7 5. Be2 O-O 6. O-O c5 7. Ne5 Nbd7 8. f4
Nxe5 9. fxe5 Nd7 10. d4 b6 11. c4 Bb7 12. Bf3 Rc8 13. cxd5 exd5 14. Nc3 Bg5 15.
Nxd5 Bxd5 16. Bxd5 Bxe3+ 17. Kh1 cxd4 18. e6 Nf6 19. exf7+ Kh8 20. Bc4 b5 21.
Bxb5 Rxf7 22. Qd3 Qd6 23. Qe2 Rfc7 24. Bc4 Ne4 25. Rf3 Nd2 26. Rh3 Nxc4 27. Qd3
Bh6 28. bxc4 Rxc4 29. Rh4 Rc2 30. Rxd4 Qb6 31. Rd1 Bg5 32. Rd6 Qb8 33. Bxg7+
Kxg7 34. Rd7+ Kf6 35. Qxh7 Rc1 36. Qf7+ Ke5 37. R7d5+ Ke4 38. Qf3# 1-0